<?xml version="1.0" encoding="UTF-8"?><?xml-stylesheet type="text/xsl" href="static/style.xsl"?><OAI-PMH xmlns="http://www.openarchives.org/OAI/2.0/" xmlns:xsi="http://www.w3.org/2001/XMLSchema-instance" xsi:schemaLocation="http://www.openarchives.org/OAI/2.0/ http://www.openarchives.org/OAI/2.0/OAI-PMH.xsd"><responseDate>2026-06-30T01:05:31Z</responseDate><request verb="GetRecord" identifier="oai:riubu.ubu.es:10259/11708" metadataPrefix="marc">https://riubu.ubu.es/oai/request</request><GetRecord><record><header><identifier>oai:riubu.ubu.es:10259/11708</identifier><datestamp>2026-05-26T11:00:33Z</datestamp><setSpec>com_10259_2604</setSpec><setSpec>col_10259_5684</setSpec></header><metadata><record xmlns="http://www.loc.gov/MARC21/slim" xmlns:doc="http://www.lyncode.com/xoai" xmlns:xsi="http://www.w3.org/2001/XMLSchema-instance" xmlns:dcterms="http://purl.org/dc/terms/" xsi:schemaLocation="http://www.loc.gov/MARC21/slim http://www.loc.gov/standards/marcxml/schema/MARC21slim.xsd">
<leader>00925njm 22002777a 4500</leader>
<datafield tag="042" ind1=" " ind2=" ">
<subfield code="a">dc</subfield>
</datafield>
<datafield tag="720" ind1=" " ind2=" ">
<subfield code="a">Ortega Heras, Miriam</subfield>
<subfield code="e">author</subfield>
</datafield>
<datafield tag="720" ind1=" " ind2=" ">
<subfield code="a">González San José, Mª Luisa</subfield>
<subfield code="e">author</subfield>
</datafield>
<datafield tag="720" ind1=" " ind2=" ">
<subfield code="a">Hortigüela Delgado, Ruth</subfield>
<subfield code="e">author</subfield>
</datafield>
<datafield tag="720" ind1=" " ind2=" ">
<subfield code="a">Fernández Varona, Ángela</subfield>
<subfield code="e">author</subfield>
</datafield>
<datafield tag="720" ind1=" " ind2=" ">
<subfield code="a">Rodríguez, Verónica</subfield>
<subfield code="e">author</subfield>
</datafield>
<datafield tag="720" ind1=" " ind2=" ">
<subfield code="a">Melero Gil, Beatriz</subfield>
<subfield code="e">author</subfield>
</datafield>
<datafield tag="260" ind1=" " ind2=" ">
<subfield code="c">2026-05-25</subfield>
</datafield>
<datafield tag="520" ind1=" " ind2=" ">
<subfield code="a">The dataset contained the raw data from the study entitled 'Physical-chemical and microbiological characterisation of three powdered products obtained from blueberry pomace: skins and seeds'. The analysed parameters included proximate composition, mineral content, total phenolic content, total anthocyanin content, antioxidant activity (ABTS), and individual anthocyanins and phenolic compounds. The microorganisms studied were aerobic mesophilic bacteria, Enterobacteriaceae, lactic acid bacteria, Bacillus spp. and Clostridium spp. The data also included the results of a heat treatment at 90 °C for 30, 60, 90 and 120 minutes.</subfield>
</datafield>
<datafield tag="024" ind2=" " ind1="8">
<subfield code="a">Ortega-Heras, M., González-SanJosé, M. L., Hortigüela Delgado, R., Fernández Varona, Á., Rodríguez, V., &amp; Melero, B. (2026). Dataset of the work “Physical-Chemical and Microbiological Characterisation of Blueberry By-products (Vaccinium myrtillus, L.) as Potential Food Ingredients” [Data set]. Universidad de Burgos. https://doi.org/10.71486/K1SC-RR37</subfield>
</datafield>
<datafield tag="024" ind2=" " ind1="8">
<subfield code="a">https://hdl.handle.net/10259/11708</subfield>
</datafield>
<datafield tag="024" ind2=" " ind1="8">
<subfield code="a">10.71486/k1sc-rr37</subfield>
</datafield>
<datafield ind1=" " ind2=" " tag="653">
<subfield code="a">Vaccinium myrtillus L.</subfield>
</datafield>
<datafield ind1=" " ind2=" " tag="653">
<subfield code="a">Blueberry pomace</subfield>
</datafield>
<datafield ind1=" " ind2=" " tag="653">
<subfield code="a">Anthocyanins</subfield>
</datafield>
<datafield ind1=" " ind2=" " tag="653">
<subfield code="a">Phenolic compounds</subfield>
</datafield>
<datafield ind1=" " ind2=" " tag="653">
<subfield code="a">Product safety</subfield>
</datafield>
<datafield ind1=" " ind2=" " tag="653">
<subfield code="a">Heat treatment</subfield>
</datafield>
<datafield tag="245" ind1="0" ind2="0">
<subfield code="a">Dataset of the work “Physical-Chemical and Microbiological Characterisation of Blueberry By-products (Vaccinium myrtillus, L.) as Potential Food Ingredients”</subfield>
</datafield>
</record></metadata></record></GetRecord></OAI-PMH>